000 00426pam a2200157a 44500
008 230515b2002 xxu||||| |||| 00| 0 eng d
020 _a81-259-1291-6
041 _aENGL
082 _a370 DIS.
100 _a"DISHA M.,"
245 _aMBA:THE RIGHT FOOD FORWARD
250 _a0
260 _aNEW DELHI
_bVIKAS PUBLISHING HOUSE PVT LTD
_c2002
300 _aNULL
650 _a"EDUCATION,MBA EDUCATION,MBA ADMISSION PROCEDURE"
999 _c535113
_d535113